03128cam a2200325 i 4500001001000000003001000010005001700020007000300037008004100040020001500081040018800096041000800284082002100292245010900313264005200422264001200474300002800486336002800514337003400542338002900576490004000605504005100645505188700696563001402583630005702597630005402654650002502708653003402733700003502767768714001CO-MdFUSB20250808171249.0ta011227t2001 enk b 001 0 eng  a1841271632 aUKMbengcCO-MdFUSBdKLGdOCLCQdIXTdOCLCQdBAKERdNLGGCdYDXCPdUBAdCOOdBTAdOCLCQdUKMGBdY@ZdBDXdU2CGBdOCLCQdOCLCOdOCLCAdOCLCFdP4IdOCLCQdUWOdIYUdTWSdOCLCQdFPD*erda aeng 223a224.06bP96510aProphets and Daniel :ba feminist companion to the Bible (Second series) c/ editado por Athalya Brenner 1aInglaterra :bSheffield Academic Press,c[2001] 4c© 2001 a317 páginas ;c24 cm. atextobtxt2rdacontent. asin mediaciónbn2rdamedia. avolumenbnc2rdacarrier. aA feminist companion to the Bible ; aIncluye referencias bibliográficas e indice.0 aLa diosa revisitada: la reina del cielo, ¿Quién es ella? / Judith M. Hadley. -- ¿Mujeres “profetas” o “profetisas”? La profecía y la construcción de la mujer: inscripción y borrado / Esther Fuchs. -- “Las hijas de tu pueblo profetizan” / Renate Jost. -- Miriam y la profecía en el periodo persa / Rainer Kessler. -- La metáfora pornoprofética del “matrimonio”: objeciones proféticas a YHWH como el esposo violento de Israel. Reinterpretaciones de la metáfora profética del matrimonio en el Segundo Isaías (Isaías 40–55) / Gerlinde Baumann. -- Circuncisión de la prostituta: género, sexualidad y el llamado al arrepentimiento en Jeremías 3:1–4:4 / Mary E. Shields. -- Respuesta propia a “Circuncisión de la prostituta” / Mary E. Shields. -- Exposiciones múltiples: retórica corporal y género en Ezequiel 16 / Mary E. Shields. -- Auto-respuesta a “Exposiciones múltiples” / Mary E. Shields. -- Violencia y economía del deseo en Ezequiel 16:1–45 / Erin Runions. -- Inversión de género en Ezequiel 16 / S. Tamar Kamionkowski. -- Lectura de Zacarías 5:5–11: profecía, género y percepción / Ulrike Sals. -- Sobre decir “no” a un profeta / Julia M. O'Brien. -- En retrospectiva: auto-respuesta a “Sobre decir ‘no’ a un profeta” / Julia M. O'Brien. -- Nínive, la adúltera / Mayer I. Gruber. -- Daniel: ¿quién teme a la crítica feminista? ¿quién teme al humor bíblico? El caso del gobernante extranjero obtuso en la Biblia hebrea / Athalya Brenner. -- Respuesta propia a “¿Quién teme a la crítica feminista?” / Athalya Brenner. -- Otra reina sabia (madre): ¿la sabiduría de las mujeres en Daniel 5:10–12? / H.J.M. van Deventer. -- Daniel, Belsasar y Julia: el redescubrimiento y la reivindicación de la traducción de Julia E. Smith (1792–) / Emily Sampson.  aRústico07aBiblia.pProfetasxCrítica, interpretación, etc.07aBiblia.pDanielxCrítica, interpretación, etc 7aMujeres en la Biblia aFeminismo -- Interpretación1 aBrenner-Idan, Athalya.eeditor